000 00782nam a2200277Ia 4500
003 OSt
005 20220912151412.0
006 a|||||r|||| 00| 0
007 ta
008 220909b |||||||| |||| 00| 0 eng d
024 _a27574
037 _cTextual
040 _aCSL
_beng
_cCSL
041 _aeng
082 _aY:45p1,N79, M1
100 _aRuzicka L T Ed.
111 _aSeminar on nuptiality and fertility (1979 : Bruges)
245 0 _aNuptiality and fertility
260 _aBelgium
_bOrdian
_c1981
300 _aiv, 406p.
_ccm.
490 _aInternational union for the scientific study of population
650 _a Populations
650 _aDemography
942 _hY:45p1,N79, M1
_cTEXL
_2CC
999 _c67640
_d67640